000 01210cam a22002891 4500
001 gs 36000333
003 DLC
005 20260227111341.0
008 800702s1936 dcuabf b f001 0 eng
010 _ags 36000333
035 _a(OCoLC)6479412
040 _aDLC
_cICharE
_dDLC
042 _apremarc
043 _an-us-az
_an-us-ca
_an-us-nv
050 0 0 _aQE75
_b.B9 no. 871
051 _aTN23.6
_b.H4
_cCopy 2.
100 1 _aHewett, Donnel Foster,
_d1881-1971.
245 1 0 _aMineral resources of the region around Boulder dam,
_cby D.F. Hewett, Eugene Callaghan, B.N. Moore, T.B. Nolan, W.W. Rubey and W.T. Schaller.
260 _aWashington,
_bU.S. Govt. Print. Off.,
_c1936.
300 _avi, 197 p.
_bincl. illus., tables, 14 pl. (part fold.; incl. maps, diagrs.) 3 fold. maps (in pocket)
_c23 cm.
490 0 _aU.S. Geological survey. Bulletin 871
500 _aAt head of title: United States Department of the Interior, Harold L. Ickes, Secretary, Geological survey. W.C. Mendenhall, director.
504 _aBibliographical foot-notes
650 0 _aMines and mineral resources
_zArizona.
650 0 _aMines and mineral resources
_zCalifornia.
650 0 _aMines and mineral resources
_zNevada.
999 _c27308
_d27308